|
|
|
|
| LEADER |
00000nam0a2200000 4500 |
| 001 |
111474 |
| 005 |
20231101215011.0 |
| 010 |
|
|
|a 5339001202
|
| 020 |
|
|
|a RU
|b 88-48288
|
| 035 |
|
|
|a (RuTPU)RU\TPU\book\120393
|
| 090 |
|
|
|a 111474
|
| 100 |
|
|
|a 20070315d1988 m y0rusy5003 ca
|
| 101 |
1 |
|
|a rus
|c eng
|
| 102 |
|
|
|a BY
|
| 105 |
|
|
|a a z 000ay
|
| 200 |
1 |
|
|a Джен Эйр
|e Роман
|f Шарлотта Бронте
|g [Пер. с англ. В. Станевич; Предисл. З. Гражданской]
|
| 210 |
|
|
|a Минск
|c Вышэйшая школа
|d 1988
|
| 215 |
|
|
|a 496 с.
|c ил.
|d 21 см
|
| 225 |
1 |
|
|a Библиотека отечественной и зарубежной классики
|
| 610 |
1 |
|
|a женщины
|
| 610 |
1 |
|
|a Англия
|
| 610 |
1 |
|
|a буржуазия
|
| 610 |
1 |
|
|a 19 век
|
| 675 |
|
|
|a 82
|z rus
|
| 700 |
|
1 |
|a Бронте
|b Ш.
|c английская писательница
|f 1816-1855
|g Шарлотта
|2 stltpush
|3 (RuTPU)RU\TPU\pers\9149
|9 1786
|
| 702 |
|
1 |
|a Станевич
|b В.
|4 730
|
| 702 |
|
1 |
|a Гражданская
|b З.
|4 080
|
| 801 |
|
0 |
|a RU
|b RuMRKP
|c 19950417
|g psbo
|
| 801 |
|
1 |
|a RU
|b 63413507
|c 20070315
|g PSBO
|
| 801 |
|
2 |
|a RU
|b 63413507
|c 20160510
|g PSBO
|
| 942 |
|
|
|c BK
|